Quranic sciences

Bibliographic Details
Main Author: Afzlur Rahman
Format: Book
Published: Singapura : Pustaka Nasional , 1981
Subjects:

MARC

LEADER 00000cam a2200000 7i4500
001 0000000582
005 20050622.0
040 |a INS 
090 0 0 |a BP134.S3.   |b A39 1981 
100 0 |a Afzlur Rahman 
245 1 0 |a Quranic sciences   |c Afzalur Rahman 
260 |a Singapura :   |b Pustaka Nasional ,   |c 1981 
300 |a 332p ;   |c 22cm. 
500 |a Includes Bibliography 
650 0 0 |a Islam and Science 
999 |a 0000003975   |b BOOK   |c Open Shelf   |e Default branch